[Event "V Floripa Open 2019"]
[Site "Florianopolis"]
[Date "2019.01.21"]
[Round "1.138"]
[White "Amaral, Danilo Tokechi"]
[Black "Cardoso, Andre Felipe De Lim"]
[Result "1-0"]
[WhiteElo "1360"]
[BlackElo "1948"]
[PlyCount "75"]
[EventDate "2019.01.21"]
[EventType "swiss"]
[EventRounds "10"]
[EventCountry "BRA"]

1. e4 c5 2. Nf3 d6 3. d4 cxd4 4. Nxd4 Nf6 5. Nc3 a6 6. a4 e5 7. Nb3 Be6 8. Be2 Nbd7 9. O-O Be7 10. Be3 Nb6 11. Nd2 Rc8 12. a5 Nbd7 13. Na4 Qc7 14. c3 d5 15. Nb6 Nxb6 16. Bxb6 Qc6 17. exd5 Bxd5 18. Nf3 Bd6 19. c4 Be4 20. c5 Bb8 21. Qa4 Nd7 22. Qxc6 Rxc6 23. Ng5 f5 24. Nxe4 fxe4 25. Rfd1 Ke7 26. Bg4 Nf6 27. Bh3 Re8 28. Rd2 Kf7 29. Rad1 e3 30. fxe3 e4 31. Bd7 Nxd7 32. Rxd7+ Re7 33. b4 Be5 34. Bd8 Rxd7 35. Rxd7+ Ke8 36. Re7+ Kxd8 37. Rxe5 Kd7 38. Rxe4 1-0

[Event "V Floripa Open 2019"]
[Site "Florianopolis"]
[Date "2019.01.21"]
[Round "1.139"]
[White "Hataby, Raed"]
[Black "Nunes dos Santos, Rafael"]
[Result "1-0"]
[WhiteElo "1948"]
[BlackElo "1350"]
[PlyCount "57"]
[EventDate "2019.01.21"]
[EventType "swiss"]
[EventRounds "10"]
[EventCountry "BRA"]

1. e4 g5 2. d4 Bg7 3. c3 Nf6 4. e5 Nd5 5. Bxg5 Rg8 6. Bc4 c6 7. Bd2 Bxe5 8. dxe5 Qb6 9. Qb3 Qc7 10. Nf3 d6 11. Na3 Be6 12. Nd4 Nd7 13. Nxe6 fxe6 14. Bxd5 exd5 15. exd6 Qxd6 16. g3 Nc5 17. Qc2 Qe5+ 18. Be3 O-O-O 19. O-O-O b6 20. Bxc5 bxc5 21. Rhe1 Qg5+ 22. f4 Qg7 23. Re5 Rd6 24. Rde1 Re8 25. Qf5+ Kc7 26. Qh5 Qh6 27. Rxe7+ Rxe7 28. Rxe7+ Kb6 29. Qe8 1-0

[Event "V Floripa Open 2019"]
[Site "Florianopolis"]
[Date "2019.01.21"]
[Round "1.140"]
[White "Feldmann, Jaciane Rocha"]
[Black "Moyses Sobrinho, Elias"]
[Result "0-1"]
[WhiteElo "1347"]
[BlackElo "1948"]
[PlyCount "45"]
[EventDate "2019.01.21"]
[EventType "swiss"]
[EventRounds "10"]
[EventCountry "BRA"]

1. e4 d5 2. exd5 Nf6 3. Bb5+ Bd7 4. Bxd7+ Nbxd7 5. Nc3 Nb6 6. Nge2 Nbxd5 7. d3 e5 8. O-O Bc5 9. Bg5 h6 10. Nxd5 hxg5 11. Nxf6+ Qxf6 12. Ng3 O-O-O 13. Qg4+ Kb8 14. Ne4 Qh6 15. h3 Be7 16. Ng3 g6 17. Rae1 f5 18. Nxf5 gxf5 19. Qxf5 Bd6 20. Re4 Rdf8 21. Qg4 Rf4 22. Rxf4 exf4 23. Re1 0-1

[Event "V Floripa Open 2019"]
[Site "Florianopolis"]
[Date "2019.01.21"]
[Round "1.141"]
[White "Stapenhorst, Matheus Frederico"]
[Black "Andersson, Cristian de Oliveir"]
[Result "1-0"]
[WhiteElo "1947"]
[BlackElo "1345"]
[PlyCount "45"]
[EventDate "2019.01.21"]
[EventType "swiss"]
[EventRounds "10"]
[EventCountry "BRA"]

1. e4 c6 2. d4 d5 3. e5 Bf5 4. Nf3 e6 5. Be2 Ne7 6. O-O Nd7 7. c4 dxc4 8. Bxc4 Nb6 9. Be2 Ned5 10. Nc3 Be7 11. Nxd5 Nxd5 12. Bd2 O-O 13. a3 c5 14. Rc1 Rc8 15. Qa4 a6 16. dxc5 Bxc5 17. b4 Bb6 18. Bg5 Qe8 19. Qb3 h6 20. Bd2 Be4 21. Bc4 Bxf3 22. Qxf3 Ne7 23. Qxb7 1-0

[Event "V Floripa Open 2019"]
[Site "Florianopolis"]
[Date "2019.01.21"]
[Round "1.142"]
[White "Brandao, Murilo Tavares"]
[Black "Araujo, Renan Aparecido"]
[Result "1/2-1/2"]
[WhiteElo "1341"]
[BlackElo "1940"]
[PlyCount "69"]
[EventDate "2019.01.21"]
[EventType "swiss"]
[EventRounds "10"]
[EventCountry "BRA"]

1. Nf3 Nf6 2. c4 g6 3. g3 Bg7 4. Bg2 O-O 5. O-O d6 6. d4 Nc6 7. Nc3 Bg4 8. a3 Nd7 9. Be3 e5 10. d5 Bxf3 11. exf3 Ne7 12. Rc1 f5 13. f4 h6 14. b4 exf4 15. Bxf4 g5 16. Be3 f4 17. Bd4 Ne5 18. Bxe5 Bxe5 19. a4 Nf5 20. Be4 Qf6 21. Nb5 Rf7 22. Qh5 a6 23. Bxf5 Qxf5 24. Nc3 Kg7 25. Nb1 fxg3 26. fxg3 Bd4+ 27. Kg2 Qe4+ 28. Kh3 Raf8 29. Rce1 Qd3 30. Rxf7+ Rxf7 31. Rd1 Qf5+ 32. Qg4 Qxg4+ 33. Kxg4 Be5 34. c5 Rf2 35. Rd2 1/2-1/2

[Event "V Floripa Open 2019"]
[Site "Florianopolis"]
[Date "2019.01.21"]
[Round "1.143"]
[White "Guimaraes, Artemis Pamela"]
[Black "Born, Ary"]
[Result "1-0"]
[WhiteElo "1938"]
[BlackElo "1338"]
[PlyCount "25"]
[EventDate "2019.01.21"]
[EventType "swiss"]
[EventRounds "10"]
[EventCountry "BRA"]

1. e4 e6 2. d4 d5 3. Nd2 dxe4 4. Nxe4 Nf6 5. Ng3 b6 6. Nf3 c5 7. Bb5+ Nfd7 8. Ne5 Ba6 9. Qf3 f5 10. Qxa8 Bxb5 11. a4 Bc6 12. Nxc6 Nxc6 13. Qxc6 1-0

[Event "V Floripa Open 2019"]
[Site "Florianopolis"]
[Date "2019.01.21"]
[Round "1.144"]
[White "Fontes, Joao Marques"]
[Black "Ribeiro, Regina"]
[Result "0-1"]
[WhiteElo "1337"]
[BlackElo "1936"]
[PlyCount "34"]
[EventDate "2019.01.21"]
[EventType "swiss"]
[EventRounds "10"]
[EventCountry "BRA"]

1. e4 c5 2. Nf3 Qc7 3. c3 e6 4. Bd3 d5 5. O-O dxe4 6. Bxe4 Nf6 7. Bc2 Nc6 8. d4 Bd7 9. Be3 cxd4 10. cxd4 a6 11. Nbd2 h6 12. Bb3 Nd5 13. Bc2 Bd6 14. Re1 O-O 15. Qc1 Nxd4 16. Nxd4 Rac8 17. Bxh6 Qxc2 0-1

[Event "V Floripa Open 2019"]
[Site "Florianopolis"]
[Date "2019.01.21"]
[Round "1.145"]
[White "Deus Filho, Joaquim de"]
[Black "Oliveira, Debora Goncalves"]
[Result "1-0"]
[WhiteElo "1936"]
[BlackElo "1332"]
[PlyCount "69"]
[EventDate "2019.01.21"]
[EventType "swiss"]
[EventRounds "10"]
[EventCountry "BRA"]

1. b3 d5 2. e3 c6 3. Bb2 Nf6 4. f4 e6 5. Nf3 Nbd7 6. Be2 Be7 7. O-O O-O 8. Kh1 b6 9. d3 Ng4 10. Qd2 Bb7 11. h3 Ngf6 12. Qe1 h6 13. Nbd2 c5 14. Ne5 Nh7 15. Qg3 Bf6 16. Ndf3 Nxe5 17. Bxe5 Bxe5 18. Nxe5 f6 19. Ng6 Rf7 20. Bh5 d4 21. e4 f5 22. exf5 Rxf5 23. Bf3 Rb8 24. Rae1 Rf6 25. Ne5 Bxf3 26. Qxf3 Qd6 27. Qe4 Rbf8 28. g3 g5 29. Ng4 Kg7 30. Nxf6 Rxf6 31. Qe5 Qc6+ 32. Kh2 Kf7 33. fxg5 hxg5 34. Rxf6+ Nxf6 35. Rf1 1-0

[Event "V Floripa Open 2019"]
[Site "Florianopolis"]
[Date "2019.01.21"]
[Round "1.146"]
[White "Lopes, Leonardo Borges"]
[Black "Maiberg, Wellington Gubiani"]
[Result "0-1"]
[WhiteElo "1327"]
[BlackElo "1935"]
[PlyCount "82"]
[EventDate "2019.01.21"]
[EventType "swiss"]
[EventRounds "10"]
[EventCountry "BRA"]

1. c4 Nf6 2. Nc3 e6 3. e4 c5 4. f4 d6 5. Nf3 Nc6 6. d4 cxd4 7. Nxd4 Be7 8. Be3 Qa5 9. Nxc6 bxc6 10. Bd3 Rb8 11. Rb1 e5 12. f5 d5 13. cxd5 cxd5 14. Qa4+ Qxa4 15. Nxa4 dxe4 16. Bc2 Bb4+ 17. Kf2 Bxf5 18. Nc3 O-O 19. h3 Bxc3 20. bxc3 Nd5 21. c4 Nc3 22. Rb3 Rxb3 23. axb3 Rb8 24. Bd1 Rd8 25. Bc2 Na2 26. Ke2 Nb4 27. Rd1 Rxd1 28. Kxd1 Nc6 29. Kd2 a5 30. Bd1 Be6 31. Kc3 f5 32. Bc5 Kf7 33. Bc2 Ke8 34. Kd2 Kd7 35. Ke3 g6 36. Bd1 Nb4 37. Bxb4 axb4 38. g4 Kc6 39. Be2 Kc5 40. Bd1 Bd7 41. Be2 Bc6 0-1

[Event "V Floripa Open 2019"]
[Site "Florianopolis"]
[Date "2019.01.21"]
[Round "1.147"]
[White "Hopka, Matheus Marchesi"]
[Black "Mariot Vaz, Joao Antonio Bertol"]
[Result "1-0"]
[WhiteElo "1933"]
[BlackElo "1326"]
[PlyCount "36"]
[EventDate "2019.01.21"]
[EventType "swiss"]
[EventRounds "10"]
[EventCountry "BRA"]

1. e4 c5 2. Nc3 d6 3. d4 cxd4 4. Qxd4 Nc6 5. Bb5 Nf6 6. Bg5 a6 7. Bxc6+ bxc6 8. Rd1 Qc7 9. Nf3 e5 10. Qc4 Be7 11. Bxf6 gxf6 12. Nd5 Qb7 13. Nxe7 Kxe7 14. O-O Bg4 15. Rd3 Rhg8 16. Kh1 Rad8 17. Rb3 Qc8 18. Qb4 c5 1-0

[Event "V Floripa Open 2019"]
[Site "Florianopolis"]
[Date "2019.01.21"]
[Round "1.148"]
[White "De Sousa E Silva, Luis Gonzaga"]
[Black "Peixoto, Rudson Marinho"]
[Result "0-1"]
[WhiteElo "1318"]
[BlackElo "1931"]
[PlyCount "76"]
[EventDate "2019.01.21"]
[EventType "swiss"]
[EventRounds "10"]
[EventCountry "BRA"]

1. Nf3 Nf6 2. g3 b6 3. Bg2 Bb7 4. O-O e6 5. d3 Be7 6. Nbd2 O-O 7. e4 d6 8. Re1 Nbd7 9. d4 c5 10. c3 Qc7 11. Qc2 Rfe8 12. a4 cxd4 13. Nxd4 a6 14. f4 Rac8 15. N2f3 Bf8 16. Ng5 h6 17. Ngf3 Nc5 18. e5 dxe5 19. Nxe5 Nd5 20. Bd2 Nd7 21. Ndf3 N7f6 22. h3 Red8 23. Nd4 Bc5 24. Kh2 Bxd4 25. c4 Ne7 26. Bxb7 Qxb7 27. Rab1 b5 28. b3 Nf5 29. g4 Bxe5 30. fxe5 Nd4 31. Qc3 Nf3+ 32. Kg3 Nxe1 33. Rxe1 Ne4+ 34. Rxe4 Qxe4 35. Kh4 Rd3 36. Qc1 g5+ 37. Bxg5 hxg5+ 38. Qxg5+ Qg6 0-1

[Event "V Floripa Open 2019"]
[Site "Florianopolis"]
[Date "2019.01.21"]
[Round "1.149"]
[White "Federzoni, Enzo"]
[Black "Buiar, Maria Eduarda Beral"]
[Result "1-0"]
[WhiteElo "1930"]
[BlackElo "1315"]
[PlyCount "57"]
[EventDate "2019.01.21"]
[EventType "swiss"]
[EventRounds "10"]
[EventCountry "BRA"]

1. c4 Nf6 2. Nc3 g6 3. e4 d6 4. d4 Nbd7 5. Be2 Bg7 6. Be3 O-O 7. Nf3 Re8 8. O-O e5 9. d5 Qe7 10. Ne1 Nb6 11. b4 Rd8 12. Rc1 c6 13. c5 Nbd7 14. dxc6 bxc6 15. cxd6 Qe6 16. b5 Nb6 17. Bc5 Bd7 18. a4 cxb5 19. Bxb5 Bxb5 20. Nxb5 Rac8 21. a5 Nc4 22. Nc7 Rxc7 23. dxc7 Rxd1 24. Rxd1 Ne8 25. Rd8 Bf6 26. c8=Q Bxd8 27. Qxd8 Kg7 28. Nf3 Qc6 29. Qd5 1-0

[Event "V Floripa Open 2019"]
[Site "Florianopolis"]
[Date "2019.01.21"]
[Round "1.150"]
[White "Neuenfeld, Eduarda"]
[Black "Barrientos, Ernesto"]
[Result "0-1"]
[WhiteElo "1313"]
[BlackElo "1925"]
[PlyCount "62"]
[EventDate "2019.01.21"]
[EventType "swiss"]
[EventRounds "10"]
[EventCountry "BRA"]

1. d4 Nf6 2. Bf4 g6 3. e3 Bg7 4. c4 O-O 5. Nf3 d6 6. Nc3 b6 7. Be2 Bb7 8. O-O Nbd7 9. d5 Re8 10. e4 e6 11. Rc1 exd5 12. exd5 Nc5 13. b4 Nce4 14. Nxe4 Nxe4 15. Bd3 a5 16. b5 Qd7 17. Re1 Nc5 18. Be2 Re4 19. Be3 Rae8 20. Qd2 Qe7 21. Ng5 Re5 22. Nf3 Re4 23. Ng5 Rxe3 24. Qxe3 Qxe3 25. fxe3 Bh6 26. Nxh7 Kxh7 27. Rc2 Rxe3 28. Kf1 Bc8 29. Bf3 Bf5 30. Rb2 Rxe1+ 31. Kxe1 Nd3+ 0-1

[Event "V Floripa Open 2019"]
[Site "Florianopolis"]
[Date "2019.01.21"]
[Round "1.152"]
[White "Scardini, Leonardo"]
[Black "Moro, Antonio Renato Pere"]
[Result "0-1"]
[WhiteElo "1294"]
[BlackElo "1923"]
[PlyCount "28"]
[EventDate "2019.01.21"]
[EventType "swiss"]
[EventRounds "10"]
[EventCountry "BRA"]

1. d4 Nf6 2. c4 g6 3. Nc3 d5 4. cxd5 Nxd5 5. e4 Nxc3 6. bxc3 Bg7 7. Bc4 c5 8. Be3 Qa5 9. Ne2 Nc6 10. O-O O-O 11. Qc2 cxd4 12. cxd4 Bd7 13. Rac1 Rac8 14. Qb3 Qd8 0-1

[Event "V Floripa Open 2019"]
[Site "Florianopolis"]
[Date "2019.01.21"]
[Round "1.153"]
[White "Reinaldo Dos Santos, Julio"]
[Black "Goncalves, Janaina"]
[Result "1-0"]
[WhiteElo "1922"]
[BlackElo "1292"]
[PlyCount "61"]
[EventDate "2019.01.21"]
[EventType "swiss"]
[EventRounds "10"]
[EventCountry "BRA"]

1. d4 e6 2. c4 Nf6 3. Nc3 Bb4 4. f3 d5 5. e3 Nc6 6. Bd3 Qd7 7. Nge2 O-O 8. O-O Re8 9. f4 Na5 10. c5 Bxc3 11. Nxc3 b6 12. b4 Nc6 13. a3 a6 14. g4 e5 15. Bf5 Qd8 16. fxe5 Bxf5 17. gxf5 Ne4 18. Nxe4 dxe4 19. Qg4 h6 20. Qxe4 Qg5+ 21. Kh1 Na7 22. Ra2 Nb5 23. Rg2 Qd8 24. Qg4 Qg5 25. Qh3 Qd8 26. Qxh6 Kf8 27. Qxg7+ Ke7 28. e6 Rf8 29. Qe5 Rg8 30. exf7+ Kxf7 31. Qe6+ 1-0

[Event "V Floripa Open 2019"]
[Site "Florianopolis"]
[Date "2019.01.21"]
[Round "1.154"]
[White "Ferreira, Angelo Augusto Pach"]
[Black "Moura, Paulo Jorge Alves B"]
[Result "1/2-1/2"]
[WhiteElo "1286"]
[BlackElo "1916"]
[PlyCount "42"]
[EventDate "2019.01.21"]
[EventType "swiss"]
[EventRounds "10"]
[EventCountry "BRA"]

1. d4 d5 2. c4 Nf6 3. Nf3 e6 4. Bg5 Nbd7 5. e3 c6 6. Nc3 Bd6 7. Bd3 O-O 8. O-O Re8 9. Re1 e5 10. dxe5 Nxe5 11. Nxe5 Bxe5 12. cxd5 Bxc3 13. bxc3 cxd5 14. Bb5 Re5 15. f4 Re6 16. c4 Rd6 17. Bxf6 gxf6 18. c5 Re6 19. Bc4 Qe8 20. Bxd5 Rxe3 21. Rxe3 Qxe3+ 1/2-1/2

[Event "V Floripa Open 2019"]
[Site "Florianopolis"]
[Date "2019.01.21"]
[Round "1.155"]
[White "Ferrero, Carlos Federico"]
[Black "Jardim, Tamiris Salvador"]
[Result "1-0"]
[WhiteElo "1916"]
[BlackElo "1253"]
[PlyCount "67"]
[EventDate "2019.01.21"]
[EventType "swiss"]
[EventRounds "10"]
[EventCountry "BRA"]

1. e4 c5 2. Nf3 e6 3. c3 d6 4. d4 cxd4 5. cxd4 Nd7 6. Nc3 Be7 7. Bd3 a6 8. O-O b5 9. a3 Bb7 10. Re1 Ngf6 11. Qc2 e5 12. Bg5 O-O 13. Rad1 Rc8 14. Bf1 Qc7 15. Qb1 Nb6 16. Bh4 Rfd8 17. Bg3 Nh5 18. dxe5 Nxg3 19. exd6 Bxd6 20. hxg3 Re8 21. Bxb5 Re6 22. Bf1 Nd7 23. Nd5 Bxd5 24. exd5 Rh6 25. Rc1 Qb8 26. Rxc8+ Qxc8 27. Rc1 Qb7 28. Rc6 Nb8 29. Rc4 Nd7 30. Qf5 g6 31. Qg5 Kg7 32. Nd4 Rh5 33. Nf5+ Kg8 34. Nxd6 1-0

[Event "V Floripa Open 2019"]
[Site "Florianopolis"]
[Date "2019.01.21"]
[Round "1.156"]
[White "Borba Da Rosa, Rodrigo"]
[Black "Furmam, Fernando Gustavo"]
[Result "0-1"]
[WhiteElo "1249"]
[BlackElo "1910"]
[PlyCount "80"]
[EventDate "2019.01.21"]
[EventType "swiss"]
[EventRounds "10"]
[EventCountry "BRA"]

1. e4 c5 2. Nf3 e6 3. d4 cxd4 4. Nxd4 a6 5. Nc3 Nc6 6. Be3 Nf6 7. Be2 Bb4 8. f3 Qa5 9. Qd2 d5 10. Nb3 Qc7 11. a3 Bxc3 12. Qxc3 dxe4 13. O-O-O O-O 14. Nd2 Nd5 15. Qc4 Nxe3 16. Qxe4 Nxd1 17. Rxd1 Qe5 18. Qxe5 Nxe5 19. Ne4 Bd7 20. Nd6 Bc6 21. c4 Rfd8 22. c5 Ng6 23. g3 Ne7 24. b4 Nf5 25. Kb2 Nxd6 26. cxd6 Rd7 27. Kb3 Bd5+ 28. Ka4 Rxd6 29. Rc1 Bc6+ 30. Kb3 Rad8 31. f4 Rd2 32. Bc4 Bd5 33. Bxd5 R2xd5 34. Rc7 R5d7 35. Rc2 b5 36. Rc6 Rd6 37. Rc7 g6 38. Ra7 Rd3+ 39. Kb2 Rd2+ 40. Kc1 R8d6 0-1

[Event "V Floripa Open 2019"]
[Site "Florianopolis"]
[Date "2019.01.21"]
[Round "1.157"]
[White "Torres, Eduardo Lisboa"]
[Black "Brand, Oliver"]
[Result "1-0"]
[WhiteElo "1905"]
[BlackElo "1243"]
[PlyCount "39"]
[EventDate "2019.01.21"]
[EventType "swiss"]
[EventRounds "10"]
[EventCountry "BRA"]

1. d4 Nf6 2. c4 g6 3. f3 d6 4. e4 Bg7 5. Nc3 O-O 6. Bg5 Nbd7 7. Qd2 c5 8. dxc5 dxc5 9. Rd1 Re8 10. e5 Qc7 11. f4 Ng4 12. Nd5 Qd8 13. h3 Nh6 14. g4 f6 15. Bxh6 Bxh6 16. e6 Nf8 17. Nxf6+ exf6 18. Qxd8 Rxd8 19. Rxd8 Kg7 20. e7 1-0

[Event "V Floripa Open 2019"]
[Site "Florianopolis"]
[Date "2019.01.21"]
[Round "1.158"]
[White "Fonseca, Rogerio da Silva"]
[Black "Cabral, Denrick"]
[Result "0-1"]
[WhiteElo "1241"]
[BlackElo "1903"]
[PlyCount "70"]
[EventDate "2019.01.21"]
[EventType "swiss"]
[EventRounds "10"]
[EventCountry "BRA"]

1. e4 c5 2. Nf3 d6 3. Nc3 Nc6 4. d4 cxd4 5. Nxd4 g6 6. Bb5 Bd7 7. O-O Bg7 8. Nce2 Nf6 9. f3 O-O 10. c3 Nxd4 11. Bxd7 Nxe2+ 12. Qxe2 Nxd7 13. Be3 Rc8 14. Bxa7 b6 15. a4 Ra8 16. Qa6 Qc7 17. a5 Qxa7 18. Qxa7 Rxa7 19. axb6 Rxa1 20. Rxa1 Nxb6 21. Ra7 e6 22. Rb7 Nc4 23. b3 Na5 24. Rb6 Bxc3 25. Rxd6 Nxb3 26. Kf1 Be5 27. Rb6 Rb8 28. Rc6 Bxh2 29. g4 Nd4 30. Rc1 Rb2 31. Re1 Bg3 32. Re3 Rf2+ 33. Kg1 Ne2+ 34. Rxe2 Rxe2 35. f4 h5 0-1

[Event "V Floripa Open 2019"]
[Site "Florianopolis"]
[Date "2019.01.21"]
[Round "1.159"]
[White "Vieira, Jose Renato Braga S"]
[Black "Mendes, Ana Beatriz Dias Gu"]
[Result "1-0"]
[WhiteElo "1902"]
[BlackElo "1233"]
[PlyCount "73"]
[EventDate "2019.01.21"]
[EventType "swiss"]
[EventRounds "10"]
[EventCountry "BRA"]

1. d4 d5 2. c4 e6 3. Nc3 Nf6 4. Bg5 Be7 5. cxd5 exd5 6. Qc2 c6 7. e3 Nbd7 8. Bd3 h6 9. Bh4 b6 10. Nf3 Bb7 11. O-O c5 12. Ne5 Nxe5 13. dxe5 Nd7 14. e6 fxe6 15. Bg6+ Kf8 16. Bxe7+ Kxe7 17. f4 Nf6 18. e4 Nxe4 19. Nxe4 dxe4 20. Rad1 Qc7 21. Bxe4 Raf8 22. f5 e5 23. Bxb7 Qxb7 24. Qc4 Rf6 25. Rd5 Qc7 26. Qg4 Rf7 27. Re1 Kf6 28. Qg6+ Ke7 29. Rdxe5+ Kd8 30. Qe6 Rhf8 31. Rd1+ Rd7 32. Red5 Rff7 33. Qxf7 Rxd5 34. Qxd5+ Kc8 35. Qa8+ Qb8 36. Rd8+ Kxd8 37. Qxb8+ 1-0

[Event "V Floripa Open 2019"]
[Site "Florianopolis"]
[Date "2019.01.21"]
[Round "1.160"]
[White "Purim, Kaiane"]
[Black "Hubner, Jessica Trindade"]
[Result "0-1"]
[WhiteElo "1228"]
[BlackElo "1899"]
[PlyCount "100"]
[EventDate "2019.01.21"]
[EventType "swiss"]
[EventRounds "10"]
[EventCountry "BRA"]

1. c4 Nf6 2. Nc3 e6 3. d3 Be7 4. e4 d6 5. Be3 c5 6. Be2 a6 7. Nf3 b6 8. O-O O-O 9. Qd2 Bb7 10. h3 Nc6 11. d4 cxd4 12. Nxd4 Qc7 13. Nxc6 Bxc6 14. Bf3 Rfd8 15. Bd4 Qb7 16. Qe3 Rab8 17. Qe2 e5 18. Be3 Nxe4 19. Nxe4 Bxe4 20. Bxe4 Qxe4 21. Rab1 f5 22. f3 Qc6 23. f4 Qe4 24. b4 exf4 25. Rb3 Bg5 26. Qh5 fxe3 27. Qxg5 e2 28. Re1 Qd4+ 29. Re3 f4 30. R1xe2 fxe3 31. Rxe3 Re8 32. Kf2 Qxe3+ 33. Qxe3 Rxe3 34. Kxe3 Kf7 35. Kd4 Ke6 36. a4 b5 37. axb5 axb5 38. cxb5 Rxb5 39. Kc4 Rb7 40. b5 Ke5 41. Kb4 d5 42. Ka5 d4 43. Ka6 Rxb5 44. Kxb5 d3 45. Kc6 d2 46. Kd7 d1=Q+ 47. Ke7 Qd6+ 48. Kf7 Qe6+ 49. Kf8 Kf6 50. g3 Qf7# 0-1

[Event "V Floripa Open 2019"]
[Site "Florianopolis"]
[Date "2019.01.21"]
[Round "1.161"]
[White "Vega, Rodrigo"]
[Black "Garcia, Otavio Landerdahl"]
[Result "1-0"]
[WhiteElo "1897"]
[BlackElo "1208"]
[PlyCount "99"]
[EventDate "2019.01.21"]
[EventType "swiss"]
[EventRounds "10"]
[EventCountry "BRA"]

1. d4 e6 2. Nf3 Nf6 3. Bg5 Be7 4. e3 O-O 5. Bd3 c5 6. c3 Nc6 7. Nbd2 Nd5 8. Bxe7 Qxe7 9. O-O d6 10. Re1 Nf6 11. e4 e5 12. Bb5 cxd4 13. cxd4 Bd7 14. d5 Nb8 15. Bxd7 Nbxd7 16. Rc1 Rac8 17. b4 Nb6 18. Qb3 Rxc1 19. Rxc1 Rc8 20. Rxc8+ Nxc8 21. Qc2 Nb6 22. Nh4 g6 23. g3 Qd7 24. Ng2 Qa4 25. Qxa4 Nxa4 26. f3 Nc3 27. a3 a6 28. Nc4 Ne8 29. Kf1 Kf8 30. Ke1 Ke7 31. Kd2 Nb5 32. Ne1 Ng7 33. Nc2 f5 34. a4 Nc7 35. Nb6 fxe4 36. fxe4 Nh5 37. Ke3 Nf6 38. Kf3 g5 39. Ne3 h5 40. Nf5+ Kd8 41. Nxd6 Nce8 42. Nf7+ Kc7 43. Nc4 g4+ 44. Ke3 b5 45. axb5 axb5 46. Ncxe5 Nd6 47. Nxd6 Kxd6 48. Nd3 Nd7 49. Kd4 Nb6 50. e5+ 1-0

[Event "V Floripa Open 2019"]
[Site "Florianopolis"]
[Date "2019.01.21"]
[Round "1.162"]
[White "Aguilera, Angel"]
[Black "Marques, Eudes Pinto"]
[Result "0-1"]
[WhiteElo "1207"]
[BlackElo "1896"]
[PlyCount "64"]
[EventDate "2019.01.21"]
[EventType "swiss"]
[EventRounds "10"]
[EventCountry "BRA"]

1. d4 Nf6 2. c4 e6 3. Nc3 d5 4. cxd5 exd5 5. Bf4 c6 6. Nf3 Bb4 7. g3 Qa5 8. Bd2 Bxc3 9. bxc3 Ne4 10. Qb3 Nxd2 11. Nxd2 O-O 12. Bg2 Qa6 13. e3 Bf5 14. Bf1 Qb6 15. Qxb6 axb6 16. a3 Nd7 17. Bg2 Ra4 18. O-O Rfa8 19. e4 dxe4 20. Nxe4 Bxe4 21. Bxe4 Nf6 22. f3 Rxa3 23. Rxa3 Rxa3 24. c4 Nxe4 25. fxe4 Rd3 26. d5 Kf8 27. e5 cxd5 28. e6 f6 29. cxd5 Rxd5 30. Re1 Ke7 31. Re2 Rd6 32. h4 Rxe6 0-1

[Event "V Floripa Open 2019"]
[Site "Florianopolis"]
[Date "2019.01.21"]
[Round "1.163"]
[White "Silva, Kaua Marques"]
[Black "Nunes, Lucas Alexandre"]
[Result "1-0"]
[WhiteElo "1894"]
[BlackElo "1199"]
[PlyCount "33"]
[EventDate "2019.01.21"]
[EventType "swiss"]
[EventRounds "10"]
[EventCountry "BRA"]

1. e4 e5 2. Nf3 Nc6 3. Bc4 Bc5 4. c3 Nf6 5. d4 exd4 6. O-O O-O 7. cxd4 Bb6 8. d5 Ne7 9. e5 Ne4 10. Bd3 Nxf2 11. Rxf2 Bxf2+ 12. Kxf2 d6 13. Nc3 Bg4 14. Bxh7+ Kxh7 15. Ng5+ Kg6 16. Qxg4 Qc8 17. Ne6+ 1-0

[Event "V Floripa Open 2019"]
[Site "Florianopolis"]
[Date "2019.01.21"]
[Round "1.164"]
[White "Lanznaster, Joao Vitor"]
[Black "De Oliveira, Guilherme Alfredo B"]
[Result "0-1"]
[WhiteElo "1180"]
[BlackElo "1893"]
[PlyCount "70"]
[EventDate "2019.01.21"]
[EventType "swiss"]
[EventRounds "10"]
[EventCountry "BRA"]

1. e4 d6 2. Nf3 g6 3. Bc4 Bg7 4. d4 Nf6 5. e5 dxe5 6. Nxe5 O-O 7. c3 c5 8. dxc5 Qxd1+ 9. Kxd1 Ne4 10. Nd3 Nd7 11. Be3 Ne5 12. Nxe5 Bxe5 13. f3 Nf6 14. Ke2 Rd8 15. Na3 Bf5 16. Bf2 h5 17. g3 Rac8 18. Rad1 Rxd1 19. Rxd1 Nd7 20. h4 Nxc5 21. Bxc5 Rxc5 22. Kf2 a6 23. Rd5 Bd6 24. Rxc5 Bxc5+ 25. Ke2 e6 26. Bd3 Bxd3+ 27. Kxd3 Bf2 28. Nc4 Bxg3 29. Ke4 Bxh4 30. Nd6 b6 31. c4 f5+ 32. Kf4 g5+ 33. Ke3 Bg3 34. Nc8 h4 35. Nxb6 h3 0-1

[Event "V Floripa Open 2019"]
[Site "Florianopolis"]
[Date "2019.01.21"]
[Round "1.165"]
[White "Farias, Edilsom"]
[Black "Ittner, Emily Caroline"]
[Result "1-0"]
[WhiteElo "1892"]
[BlackElo "1087"]
[PlyCount "77"]
[EventDate "2019.01.21"]
[EventType "swiss"]
[EventRounds "10"]
[EventCountry "BRA"]

1. Nf3 c5 2. c4 d6 3. g3 Nf6 4. Bg2 e6 5. d4 cxd4 6. Nxd4 e5 7. Nc2 Be7 8. O-O O-O 9. Nc3 Nbd7 10. Ne3 Rb8 11. Nb5 Qb6 12. Nf5 Re8 13. Be3 Nc5 14. Nxe7+ Rxe7 15. b4 a6 16. Nxd6 Qxb4 17. Nxc8 Rxc8 18. Qd6 Re6 19. Qd1 Qxc4 20. Rc1 Qb5 21. Bh3 Rec6 22. Bxc8 Rxc8 23. Rxc5 Rxc5 24. Qd8+ Ne8 25. Bxc5 h6 26. Rd1 Kh7 27. Qd3+ Qxd3 28. Rxd3 f5 29. Rd7 b5 30. Re7 Nf6 31. Rxe5 g6 32. Re7+ Kg8 33. Bd4 Nd5 34. Rg7+ Kf8 35. Rxg6 h5 36. Rxa6 Nb4 37. Bc5+ Ke8 38. Bxb4 Kd7 39. Kg2 1-0

[Event "V Floripa Open 2019"]
[Site "Florianopolis"]
[Date "2019.01.21"]
[Round "1.166"]
[White "De Oliveira, Nicolas Fabiane"]
[Black "Vieira, Rodrigo Chagas"]
[Result "0-1"]
[WhiteElo "1078"]
[BlackElo "1892"]
[PlyCount "70"]
[EventDate "2019.01.21"]
[EventType "swiss"]
[EventRounds "10"]
[EventCountry "BRA"]

1. e4 d6 2. d4 g6 3. c3 Bg7 4. Nf3 Nf6 5. Bd3 O-O 6. O-O Nc6 7. Bg5 h6 8. Bxf6 Bxf6 9. h3 e5 10. d5 Ne7 11. Nbd2 g5 12. c4 Ng6 13. g3 Bxh3 14. Re1 h5 15. Nh2 h4 16. Qh5 Kg7 17. Qf3 hxg3 18. Qxg3 Nf4 19. Bc2 Rh8 20. Ndf3 Qe7 21. Ng4 Bg2 22. Nfh2 Rh3 23. Qxg2 Nxg2 24. Kxg2 Rah8 25. Rh1 c6 26. Nxf6 Qxf6 27. f3 Rxh2+ 28. Rxh2 Rxh2+ 29. Kxh2 Qf4+ 30. Kg2 Qd2+ 31. Kg3 Qxc2 32. Rg1 Qxc4 33. Kh2 f6 34. b3 Qe2+ 35. Rg2 Qxf3 0-1

[Event "V Floripa Open 2019"]
[Site "Florianopolis"]
[Date "2019.01.21"]
[Round "1.167"]
[White "Silva Junior, Marcelo Valeriano"]
[Black "Kuster, Michel Thiago"]
[Result "1-0"]
[WhiteElo "1891"]
[BlackElo "1066"]
[PlyCount "37"]
[EventDate "2019.01.21"]
[EventType "swiss"]
[EventRounds "10"]
[EventCountry "BRA"]

1. d4 d5 2. Nf3 Nf6 3. Bf4 Bg4 4. e3 c5 5. h3 Bh5 6. g4 Bg6 7. Bxb8 Rxb8 8. Bb5+ Nd7 9. Ne5 Qa5+ 10. Nc3 Kd8 11. Nxd7 Rc8 12. Nxc5 Rc7 13. Nb3 Qb4 14. Bd3 Be4 15. Bxe4 dxe4 16. d5 g6 17. Qd4 Qxd4 18. Nxd4 Bg7 19. O-O-O 1-0